[Event "66th HUN-ch Women 2018"]
[Site "Budapest"]
[Date "2018.12.05"]
[Round "3"]
[White "Egyed, Judit"]
[Black "Terbe, Zsuzsanna"]
[Result "1-0"]
[WhiteElo "2045"]
[BlackElo "2180"]
[Annotator "TA"]
[PlyCount "71"]
[EventDate "2018.12.03"]
[EventType "tourn"]
[EventCountry "HUN"]
[SourceTitle "playchess.com"]
[Source "ChessBase"]
[SourceQuality "1"]

{[%evp 19,71,0,14,-8,25,-11,-9,-18,0,0,0,-5,10,0,0,-17,-41,-22,-8,-52,-10,-52,-27,-41,-29,-40,55,57,60,57,58,58,80,68,95,88,113,73,209,186,592,592,592,584,580,550,591,331,587,587,625,621,597,574]} 1. e4 e5 2. Nf3 Nc6 3. Bb5 a6 4. Ba4 b5 5. Bb3 Na5 6. O-O d6 7. c3 Nxb3 8. axb3 Bb7 9. Re1 Nf6 10. d3 Be7 11. Nbd2 {C79: Ruy Lopez: Steinitz-type lines with 3...a6 4 Ba4 Nf6 5 0-0 d6} O-O 12. Nf1 Re8 13. Ng3 {The position is equal.} g6 14. Bg5 $146 ({Predecessor:} 14. h3 Bf8 15. Nh2 Bg7 16. f4 exf4 17. Bxf4 {½-½ (65) Verma,A (1930)-Taylor,W (1993) Crawley 2016}) 14... Bf8 15. Qc1 Bg7 16. Bh6 Nd7 17. Bg5 f6 18. Be3 Qe7 19. Qd1 Nf8 20. Nd2 Ne6 21. b4 Qf7 {[#] Strongly threatening ...f5.} 22. Nb3 {[%cal Bd2b3,Bb3a5,Ba5b7,Bb7c5,Bc5e6][%mdl 32]} f5 (22... Rac8 $15) 23. Na5 $14 Bxe4 24. Nxe4 fxe4 25. dxe4 Kh8 26. Qd5 Qf6 27. Qc6 Rec8 28. Nb7 Nf4 (28... Rf8 $16 {is a better defense.}) 29. Rxa6 $18 Nd3 $2 (29... Rab8 30. Ra7 (30. Qxb5 Rf8 $16) 30... Nd3) 30. Rxa8 Rxa8 31. Nc5 {[%mdl 64] [#] Discovered Attack} Nxe1 32. Qxa8+ Qf8 33. Qxf8+ Bxf8 34. Ne6 $1 {[%csl LRc7,LRf8][%mdl 64] Double Attack. White is clearly winning.} Be7 35. Nxc7 Nd3 36. b3 {Accuracy: White = 45%, Black = 29%.} 1-0

[Event "66th HUN-ch Women 2018"]
[Site "Budapest"]
[Date "2018.12.06"]
[Round "4"]
[White "Terbe, Julianna"]
[Black "Juhasz, Barbara"]
[Result "1-0"]
[WhiteElo "2272"]
[BlackElo "2176"]
[Annotator "TA"]
[PlyCount "89"]
[EventDate "2018.12.03"]
[EventType "tourn"]
[EventCountry "HUN"]
[SourceTitle "playchess.com"]
[Source "ChessBase"]
[SourceQuality "1"]

{[%evp 23,89,17,25,0,0,0,0,0,0,0,0,0,0,0,5,6,10,9,33,28,58,20,22,31,48,45,15,31,31,0,0,0,0,7,15,10,10,4,235,224,229,233,784,784,772,753,1010,991,992,992,992,992,992,984,984,984,8371,6087,29971,29972,29972,29976,29976,29977,29977,29978,29978,29977]} 1. d4 Nf6 2. Nf3 g6 3. Bf4 Bg7 4. e3 O-O 5. Be2 d6 6. h3 c5 7. O-O b6 8. c3 Bb7 9. Nbd2 Nbd7 10. a4 a6 11. Bh2 Ra7 12. Bd3 {A48: 1 d4 Nf6 2 Nf3 g6: Torre, London and Colle Systems} (12. Qb1 Qa8 13. Bd3 cxd4 14. cxd4 Nd5 15. Rc1 Nb4 16. Bf1 Nf6 17. Ra3 Bd5 18. Bc4 Bc6 19. Bf1 Bd5 {1-0 (56) Ivanchuk,V (2713)-Wagner,D (2566) Batumi 2018}) 12... Qa8 {LiveBook: 8 Games} 13. e4 cxd4 14. cxd4 {The position is equal.} Nxe4 15. Nxe4 Bxe4 16. Bxe4 Qxe4 17. Re1 Qd5 18. Rxe7 Bf6 19. Re3 $146 ({Predecessor:} 19. Re1 Rc7 {½-½ (44) Koch,T-Swierczewski,J DESC email 2005}) 19... Rc8 20. Rc1 Rac7 21. Rxc7 Rxc7 22. Bf4 Rc8 23. Qe2 b5 24. Re8+ Rxe8 25. Qxe8+ {[%mdl 64] [#] Double Attack} Nf8 26. Qb8 bxa4 27. Bxd6 {[%csl Gd6][%cal Rb8f8]} Bg7 28. Ne5 {Hoping for Nd7.} Qb3 29. Qe8 Qe6 30. Qd8 $40 {[%mdl 128] White has some attack.} f6 $2 {[#]} (30... Qd5 $11) 31. Bxf8 $1 $18 Bxf8 32. Nd7 {[%csl Gd7][%cal Rd8f8]} Qe7 $2 (32... Qe1+ 33. Kh2 Qe7) 33. Qxf8+ Qxf8 34. Nxf8 Kxf8 {[%mdl 4096] Endgame KP-KP} 35. Kf1 Ke7 36. Ke2 Kd6 37. Kd3 Kd5 38. f3 h6 39. g4 h5 40. h4 a5 41. Kc3 {White mates.} Kd6 42. gxh5 gxh5 43. Kc4 Kc6 44. d5+ Kb6 45. f4 {Accuracy: White = 83%, Black = 50%.} 1-0

[Event "66th HUN-ch Women 2018"]
[Site "Budapest"]
[Date "2018.12.06"]
[Round "4"]
[White "Lakos, Nikoletta"]
[Black "Havanecz, Bianka"]
[Result "0-1"]
[WhiteElo "2243"]
[BlackElo "2247"]
[Annotator "NA"]
[PlyCount "136"]
[EventDate "2018.12.03"]
[EventType "tourn"]
[EventCountry "HUN"]
[SourceTitle "playchess.com"]
[Source "ChessBase"]
[SourceQuality "1"]
[TimeControl "40/5400+30:1800+30"]

{[%evp 8,128,-7,32767,-2,0,0,32767,33,0,10,-8,-9,-13,41,32767,32767,32767,32767,32767,32767,61,58,59,32767,47,98,61,83,52,32767,96,103,70,118,94,96,94,32767,128,127,175,33,14,29,31,70,71,82,32767,32767,32767,67,75,153,149,32767,32767,217,284,283,154,32767,128,32767,32767,102,0,0,-160,32767,-155,32767,32767,-142,-264,-264,32767,32767,32767,32767,-220,-246,-245,-276,-276,-268,-312,-293,32767,-556,-473,-602,-423,32767,32767,32767,32767,32767,32767,-981,-641,-4651,32767,-996,-841,-1218,-5142,-4134,32767,32767,32767,32767,32767,32767,32767,-6042,32767,32767,32767,32767,32767,0]} 1. e4 {[%emt 0:00:03]} e5 {[%emt 0:00:05]} 2. Nf3 {[%emt 0:00:22]} Nc6 {[%emt 0:00:05]} 3. d3 {[%emt 0:00:28]} Nf6 {[%emt 0:01:08]} 4. Be2 {[%emt 0:00:48]} d5 {[%emt 0:03:15]} 5. Nbd2 {[%emt 0:01:42]} Be7 {[%emt 0:00:18]} 6. O-O {[%emt 0:04:01]} O-O {[%emt 0:00:08]} 7. a3 {[%emt 0:12:55] LiveBook: 4 Games C44: Ponziani Opening and Scotch Gambit} Bg4 $146 {[%emt 0:00:34]} ({Predecessor:} 7... a5 8. b3 Be6 9. Bb2 Nd7 10. c3 f6 11. Re1 Nb6 12. Qc2 Qd7 13. b4 axb4 14. axb4 Rfe8 {½-½ (26) Kuzmicz,K (2485)-Koksal,E (2339) Skopje 2015}) 8. h3 {[%emt 0:03:41]} Bh5 {[%emt 0:04:37]} 9. b4 {[%emt 0:18:36]} dxe4 {[%emt 0:05:48]} 10. dxe4 {[%emt 0:02:40]} Bg6 {[%emt 0:08:06]} 11. Bd3 {[%emt 0:01:50]} a6 {[%emt 0:00:45]} 12. Bb2 {[%emt 0:01:46]} Nd7 {[%emt 0:00:17]} 13. Nc4 {[%emt 0:02:46]} f6 {[%emt 0:00:10]} 14. Nh4 {[%emt 0:05:38]} Bf7 {[%emt 0:04:03]} 15. Nf5 {[%emt 0:00:59]} Kh8 {[%emt 0:10:59]} 16. Nce3 {[%emt 0:12:33]} Qe8 {[%emt 0:02:04]} 17. c4 {[%emt 0:03:16]} Bd8 {[%emt 0:02:22]} 18. Nd5 {[%emt 0:06:29]} Rg8 {[%emt 0:01:26]} 19. Qc2 {[%emt 0:10:51]} Nf8 {[%emt 0:00:50]} 20. b5 {[%emt 0:01:19]} Nb8 {[%emt 0:00:38]} (20... axb5 $14 21. cxb5 Na5) 21. a4 {[%emt 0:03:05]} c6 {[%emt 0:07:30]} 22. bxc6 {[%emt 0:00:56]} Nxc6 {[%emt 0:03:06]} 23. Nd6 {[%emt 0:03:13]} Qd7 {[%emt 0:00:05]} 24. Nxf7+ {[%emt 0:01:00]} (24. Ba3 $16) 24... Qxf7 {[%emt 0:00:01]} 25. c5 {[%emt 0:00:48]} Ne6 {[%emt 0:00:42]} 26. Bc4 {[%emt 0:00:19]} Qg6 {[%emt 0:04:52]} 27. Ne3 {[%emt 0:00:49]} Re8 {[%emt 0:02:33]} 28. Bxe6 {[%emt 0:00:07]} Rxe6 {[%emt 0:00:01]} 29. Rfd1 {[%emt 0:00:39]} Qe8 {[%emt 0:02:08]} 30. Nf5 {[%emt 0:00:26]} Ba5 {[%emt 0:03:13]} (30... Bc7 $142) 31. Qb3 {[%emt 0:00:32]} Nd8 {[%emt 0:01:43] [#]} 32. Rd5 $1 {[%emt 0:00:35]} b6 {[%emt 0:01:39]} 33. Nd6 {[%emt 0:00:34]} Qc6 {[%emt 0:00:56]} 34. Nc4 {[%emt 0:00:11]} (34. Ba3 $18 {and White stays clearly on top.}) 34... Nb7 {[%emt 0:01:55]} 35. cxb6 {[%emt 0:00:31]} Bxb6 {[%emt 0:01:48]} 36. Rc1 {[%emt 0:00:14]} Bc5 {[%emt 0:00:35]} 37. Nd2 {[%emt 0:01:01]} (37. a5 $16 Rae8 38. Ba3 Bxa3 39. Qxa3) 37... Qb6 {[%emt 0:00:48]} 38. Rdxc5 $2 {[%emt 0:00:41]} ({White should play} 38. Kf1 $11) 38... Nxc5 {[%emt 0:00:22]} 39. Rxc5 {[%emt 0:00:11]} Qxb3 {[%emt 0:00:31]} 40. Nxb3 {[%emt 0:00:00]} Rb6 {[%emt 0:00:00]} 41. Rc3 {[%emt 0:15:11]} (41. Bxe5 $17 {was the only chance.} Rxb3 42. Bc3) 41... Rab8 {[%emt 0:00:11]} 42. Nc5 {[%emt 0:00:10]} Rxb2 {[%emt 0:00:12]} 43. Nxa6 {[%emt 0:00:02]} Ra8 {[%emt 0:00:31]} 44. Nc5 {[%emt 0:03:18]} h5 {[%emt 0:02:05]} 45. g3 {[%emt 0:01:08]} Rc8 {[%emt 0:00:44]} 46. Kg2 {[%emt 0:02:01]} Rc6 {[%emt 0:01:29]} 47. g4 {[%emt 0:04:59]} h4 {[%emt 0:03:09]} 48. g5 {[%emt 0:05:54]} fxg5 {[%emt 0:00:14]} 49. Rb3 {[%emt 0:00:44]} Rxb3 {[%emt 0:00:19]} 50. Nxb3 {[%emt 0:00:02]} Rc4 {[%emt 0:01:24]} 51. Nd2 {[%emt 0:00:09]} Rxa4 52. Nf3 {[%emt 0:00:14]} Rxe4 {[%emt 0:00:47]} 53. Nxg5 {[%emt 0:00:05]} Rf4 {[%emt 0:00:28]} 54. f3 {[%emt 0:01:57]} Rf5 {[%emt 0:01:20]} 55. Ne4 {[%emt 0:00:13]} Kh7 {[%emt 0:00:24]} 56. Kf2 {[%emt 0:00:09]} Kg6 {[%emt 0:00:33]} 57. Ke3 {[%emt 0:00:05]} Rf4 {[%emt 0:00:50]} 58. Ke2 {[%emt 0:00:31]} Rf8 {[%emt 0:00:19]} 59. Ke3 {[%emt 0:00:41]} Ra8 {[%emt 0:00:26]} 60. Nd6 {[%emt 0:00:42]} Ra4 {[%emt 0:00:19]} 61. Nb5 {[%emt 0:00:40]} Ra2 {[%emt 0:00:36]} 62. f4 {[%emt 0:00:33]} Rh2 {[%emt 0:00:45]} 63. fxe5 {[%emt 0:00:11]} Kf5 {[%emt 0:00:12]} 64. Nd4+ {[%emt 0:00:02]} Kg6 $11 {[%emt 0:00:29]} 65. Kf4 {[%emt 0:03:17]} Rxh3 {[%emt 0:00:28]} 66. Kg4 {[%emt 0:00:29]} Re3 {[%emt 0:00:55]} 67. Nf3 {[%emt 0:00:37]} Rxf3 {[%emt 0:00:15]} 68. Kxf3 {[%emt 0:00:02]} Kf5 {[%emt 0:00:06]} 0-1

[Event "66th HUN-ch Women 2018"]
[Site "Budapest"]
[Date "2018.12.06"]
[Round "4"]
[White "Terbe, Zsuzsanna"]
[Black "Erdos, Boglarka"]
[Result "1-0"]
[WhiteElo "2180"]
[BlackElo "2137"]
[Annotator "NA"]
[PlyCount "97"]
[EventDate "2018.12.03"]
[EventType "tourn"]
[EventCountry "HUN"]
[SourceTitle "playchess.com"]
[Source "ChessBase"]
[SourceQuality "1"]
[TimeControl "40/5400+30:1800+30"]

{[%evp 8,81,14,12,32767,32767,32767,7,32767,32767,32767,11,24,17,25,32767,6,-10,0,0,32767,32767,32767,32767,0,-23,-27,32767,0,0,0,-41,-41,-51,-29,-27,-32,-77,-55,-118,-31,-18,-34,-39,0,32767,32767,0,32767,32767,0,0,0,-23,32767,-15,32767,42,32767,20,204,125,226,219,209,239,240,139,32767,198,135,210,247,169,1177,1100]} 1. Nf3 {[%emt 0:02:44]} Nf6 {[%emt 0:00:11]} 2. g3 {[%emt 0:00:30]} g6 {[%emt 0:00:06]} 3. Bg2 {[%emt 0:00:06]} Bg7 {[%emt 0:00:05]} 4. O-O {[%emt 0:00:05]} O-O {[%emt 0:00:16]} 5. d4 {[%emt 0:00:04]} d5 {[%emt 0:00:04]} 6. c4 {[%emt 0:00:07]} c6 {[%emt 0:00:05]} 7. Qb3 {[%emt 0:03:50]} a5 {[%emt 0:00:42]} 8. cxd5 {[%emt 0:00:57] D78: Fianchetto Grünfeld: 6 0-0 c6} a4 {[%emt 0:00:25]} 9. Qd1 {[%emt 0:00:28]} cxd5 {[%emt 0:00:16]} 10. Nc3 {[%emt 0:00:35]} Ne4 {[%emt 0:01:49] LiveBook: 8 Games} (10... a3 11. bxa3 Ne4 12. Bb2 Nxc3 13. Bxc3 Rxa3 14. Bb2 Ra6 15. Ne5 Nc6 {1-0 (37) Vachier Lagrave,M (2780)-Gupta,A (2588) chess.com INT 2018}) 11. Ne5 {[%emt 0:15:57]} Bf5 {[%emt 0:31:05]} 12. Bf4 $146 {[%emt 0:08:39]} ({Predecessor:} 12. Nxa4 Qa5 13. Nc3 Nxc3 14. bxc3 Qxc3 {½-½ (30) Khademalsharieh,S (2419)-Ni,S (2450) China 2017}) 12... a3 {[%emt 0:12:01]} 13. Nxe4 {[%emt 0:02:25]} Bxe4 {[%emt 0:11:56]} 14. Bxe4 {[%emt 0:06:53]} dxe4 {[%emt 0:00:22]} 15. bxa3 {[%emt 0:00:26]} Rxa3 {[%emt 0:05:15]} 16. Be3 {[%emt 0:07:37]} Qd5 {[%emt 0:04:29]} 17. Qc2 {[%emt 0:06:03]} f6 {[%emt 0:13:02]} 18. Nc4 {[%emt 0:02:57]} Ra6 $1 {[%emt 0:00:08]} 19. Nd2 {[%emt 0:02:44]} f5 {[%emt 0:00:12]} 20. Qb3 {[%emt 0:05:35]} Qxb3 {[%emt 0:02:21]} 21. Nxb3 {[%emt 0:00:20]} Nc6 {[%emt 0:04:16]} 22. Rfd1 {[%emt 0:02:10]} Rfa8 {[%emt 0:03:34]} 23. Rd2 {[%emt 0:03:27]} (23. Rab1 $15) 23... Ra3 {[%emt 0:00:19]} (23... b6 $17 24. Bg5 Kf7) 24. Nc5 {[%emt 0:03:19]} b6 {[%emt 0:04:52]} 25. Ne6 {[%emt 0:02:53]} Bf6 {[%emt 0:00:07]} 26. Rb1 {[%emt 0:03:11]} Na5 {[%emt 0:00:58]} 27. Rc2 {[%emt 0:02:14]} Ra4 {[%emt 0:00:44]} 28. Rbc1 {[%emt 0:05:36]} Nb7 {[%emt 0:01:45]} 29. Rc8+ {[%emt 0:05:54]} Kf7 {[%emt 0:00:04]} 30. Rxa8 {[%emt 0:00:35]} Rxa8 {[%emt 0:00:02]} 31. d5 {[%emt 0:00:05]} Rxa2 {[%emt 0:03:16]} 32. Rc8 {[%emt 0:02:01]} g5 {[%emt 0:00:07]} 33. Bxg5 {[%emt 0:02:23]} Ra5 $2 {[%emt 0:00:58]} (33... Bxg5 $11 34. Nxg5+ Kf6 35. Nxh7+ Ke5) 34. Rf8+ {[%emt 0:02:06]} Kg6 {[%emt 0:00:05]} 35. Bxf6 {[%emt 0:00:34]} exf6 {[%emt 0:00:31]} 36. Rg8+ {[%emt 0:00:31]} Kh6 {[%emt 0:00:22]} 37. Nf4 {[%emt 0:00:43]} Nc5 {[%emt 0:00:48]} 38. Rb8 {[%emt 0:01:35]} Ra1+ {[%emt 0:00:38]} 39. Kg2 {[%emt 0:00:04]} Rb1 {[%emt 0:00:25]} 40. Ne6 {[%emt 0:00:00]} Nd7 $18 {[%emt 0:00:00]} (40... Rb5 41. Nf8 Ra5 42. Rxb6 Kg7) 41. Rb7 {[%emt 0:02:01]} Ne5 {[%emt 0:03:28]} 42. Nf8 {[%emt 0:01:21]} Rb2 {[%emt 0:08:08]} 43. h4 {[%emt 0:02:00]} Kh5 {[%emt 0:00:38]} 44. Rxh7+ {[%emt 0:00:09]} Kg4 {[%emt 0:00:16]} 45. Rg7+ {[%emt 0:07:37]} Kh5 {[%emt 0:00:11]} 46. Kh3 {[%emt 0:00:14]} Ng4 {[%emt 0:00:33]} 47. Rh7+ {[%emt 0:00:42]} Nh6 {[%emt 0:00:09]} 48. Ne6 {[%emt 0:00:47]} Kg6 {[%emt 0:00:21]} 49. Rg7+ {[%emt 0:00:07]} 1-0

[Event "66th HUN-ch Women 2018"]
[Site "Budapest"]
[Date "2018.12.06"]
[Round "4"]
[White "Egyed, Judit"]
[Black "Gal, Hanna Krisztina"]
[Result "0-1"]
[WhiteElo "2045"]
[BlackElo "2189"]
[Annotator "NA"]
[PlyCount "94"]
[EventDate "2018.12.03"]
[EventType "tourn"]
[EventCountry "HUN"]
[SourceTitle "playchess.com"]
[Source "ChessBase"]
[SourceQuality "1"]
[TimeControl "40/5400+30:1800+30"]

{[%evp 13,81,0,23,23,32767,22,32767,-12,32767,-12,-19,-15,0,0,0,-29,4,-43,-24,32767,32767,-27,32767,32767,32767,-53,-42,32767,-56,32767,32767,-91,-78,-89,-77,-118,-77,-80,-65,-98,-110,-107,-114,-114,-111,-125,32767,32767,32767,32767,32767,32767,32767,-183,32767,32767,32767,32767,32767,32767,32767,-165,-148,32767,-177,-143,-180,32767,-186,-205]} 1. e4 {[%emt 0:00:07]} c5 {[%emt 0:00:08]} 2. Nf3 {[%emt 0:00:05]} e6 {[%emt 0:00:07]} 3. d4 {[%emt 0:00:04]} cxd4 {[%emt 0:00:08]} 4. Nxd4 {[%emt 0:00:05]} a6 {[%emt 0:00:11]} 5. Bd3 {[%emt 0:00:05]} Nf6 {[%emt 0:00:11]} 6. O-O {[%emt 0:00:11]} Qc7 {[%emt 0:00:10]} 7. Kh1 {[%emt 0:00:26]} d6 {[%emt 0:00:34]} 8. f4 {[%emt 0:00:07]} Nbd7 {[%emt 0:01:45]} 9. Nc3 {[%emt 0:00:48]} Be7 {[%emt 0:00:19]} 10. Be3 {[%emt 0:00:11] B82: Sicilian Scheveningen: 6 f4} (10. Bd2 b6 11. Qe2 Bb7 12. Rae1 Nc5 13. e5 dxe5 14. fxe5 Nfd7 15. Qg4 Nxe5 16. Qg3 O-O-O 17. Ndb5 axb5 18. Nxb5 Rxd3 19. cxd3 {½-½ (55) Volokitin,A (2638)-Van Wely,L (2656) Saint-Quentin 2014}) 10... b5 11. a3 {[%emt 0:02:03]} Bb7 {[%emt 0:04:51]} 12. Qf3 {[%emt 0:04:27]} Nc5 {[%emt 0:03:04]} 13. Rae1 {[%emt 0:04:18]} O-O {[%emt 0:03:10] LiveBook: 8 Games} 14. Bf2 {[%emt 0:05:23]} g6 {[%emt 0:17:51]} 15. Qh3 {[%emt 0:04:57]} e5 {[%emt 0:07:29]} 16. fxe5 {[%emt 0:11:30]} dxe5 {[%emt 0:00:14]} 17. Nb3 $146 {[%emt 0:16:01]} Nxb3 {[%emt 0:04:29]} 18. cxb3 {[%emt 0:00:07]} Rad8 {[%emt 0:03:01]} 19. Rc1 {[%emt 0:08:35]} Qd7 {[%emt 0:08:26]} 20. Qxd7 {[%emt 0:00:44]} Rxd7 {[%emt 0:01:06]} 21. Bc2 {[%emt 0:06:20]} b4 {[%emt 0:15:26]} 22. axb4 {[%emt 0:00:58]} Bxb4 {[%emt 0:00:49]} 23. Be1 {[%emt 0:10:09]} Ng4 {[%emt 0:04:04]} 24. Na4 {[%emt 0:07:48]} Bxe1 {[%emt 0:01:46]} 25. Rfxe1 {[%emt 0:00:07]} Rc7 {[%emt 0:02:28]} 26. Nc3 {[%emt 0:02:04]} Rd8 {[%emt 0:04:03]} 27. Re2 {[%emt 0:02:11]} Kg7 {[%emt 0:02:36]} 28. h3 {[%emt 0:01:06]} Nf6 {[%emt 0:00:19]} 29. Kh2 {[%emt 0:01:50]} Nh5 {[%emt 0:02:55]} 30. g3 {[%emt 0:00:25]} Rcd7 {[%emt 0:00:19]} 31. Rf1 {[%emt 0:00:26]} a5 {[%emt 0:01:31]} 32. Ref2 {[%emt 0:00:39]} Rd2 {[%emt 0:03:20]} 33. Kg2 {[%emt 0:09:33]} (33. Nb1 $17 Rxf2+ 34. Rxf2) 33... Ba6 {[%emt 0:01:49]} 34. Rd1 {[%emt 0:00:07]} Rxd1 {[%emt 0:00:23]} 35. Bxd1 {[%emt 0:00:19]} Nf6 {[%emt 0:00:42]} 36. Bc2 {[%emt 0:01:04]} Bd3 {[%emt 0:01:30]} 37. Kf3 {[%emt 0:01:01]} Bxc2 {[%emt 0:00:47]} 38. Rxc2 {[%emt 0:00:04] [#]} Rd3+ $1 {[%emt 0:01:08]} 39. Kf2 {[%emt 0:00:16]} Nh5 {[%emt 0:00:15]} 40. Ne2 {[%emt 0:00:00]} Rxb3 {[%emt 0:00:00]} 41. Rc5 $19 {[%emt 0:08:39]} Rxb2 {[%emt 0:06:16]} 42. Rxa5 {[%emt 0:00:15]} Nxg3 {[%emt 0:01:12]} 43. Kxg3 {[%emt 0:00:05]} Rxe2 {[%emt 0:00:06]} 44. Rxe5 {[%emt 0:00:05]} Re3+ {[%emt 0:03:04]} 45. Kg2 {[%emt 0:03:01]} Kf8 {[%emt 0:03:04]} 46. h4 {[%emt 0:02:18]} f6 {[%emt 0:00:09]} 47. Re6 {[%emt 0:06:11]} Kf7 {[%emt 0:00:06]} 0-1

[Event "66th HUN-ch Women 2018"]
[Site "Budapest"]
[Date "2018.12.06"]
[Round "4"]
[White "Gaal, Zsoka"]
[Black "Varga, Klara"]
[Result "1-0"]
[WhiteElo "2020"]
[BlackElo "2242"]
[Annotator "NA"]
[PlyCount "107"]
[EventDate "2018.12.03"]
[EventType "tourn"]
[EventCountry "HUN"]
[SourceTitle "playchess.com"]
[Source "ChessBase"]
[SourceQuality "1"]
[TimeControl "40/5400+30:1800+30"]

{[%evp 8,86,21,32767,20,30,31,14,2,19,25,32767,17,32767,18,8,6,-7,3,32767,0,32767,-13,-35,-5,-25,32767,0,32767,22,6,10,31,12,43,32767,32767,32767,32767,29,32767,32767,32767,66,97,68,64,75,77,81,87,81,93,70,75,64,62,37,68,62,72,61,116,83,99,76,32767,74,90,87,75,92,117,106,106,85,102,91,101,47,245]} 1. d4 {[%emt 0:00:04]} Nf6 {[%emt 0:00:06]} 2. Nf3 {[%emt 0:00:09]} e6 {[%emt 0:00:19]} 3. g3 {[%emt 0:00:08]} c5 {[%emt 0:00:44]} 4. Bg2 {[%emt 0:00:22]} Nc6 {[%emt 0:00:26]} 5. O-O {[%emt 0:00:23]} d5 {[%emt 0:00:19]} 6. c4 {[%emt 0:00:08]} dxc4 {[%emt 0:03:03]} 7. Qa4 {[%emt 0:00:09]} Bd7 {[%emt 0:00:04]} 8. Qxc4 {[%emt 0:00:32]} b5 {[%emt 0:00:13]} 9. Qd3 {[%emt 0:00:31]} c4 {[%emt 0:00:35]} 10. Qd1 {[%emt 0:00:23]} Rc8 {[%emt 0:00:20]} 11. Ne5 {[%emt 0:02:48] LiveBook: 10 Games E04: Open Catalan: 5 Nf3} Qc7 {[%emt 0:13:09]} (11... Bd6 12. Nxd7 Qxd7 13. Nc3 a6 14. Bg5 Be7 15. e3 O-O 16. Qe2 Rfd8 17. Rfd1 (17. Bxf6 Bxf6 18. a4 Rb8 {½-½ (34) Mueller,M (2227)-Krzyzanowski,W (2242) LSS email 2013}) 17... Nd5 18. Bxe7 Qxe7 {½-½ (55) Fedoseev,V (2718)-Yu,Y (2751) Riadh 2017}) 12. Bf4 $146 {[%emt 0:17:55]} Bd6 {[%emt 0:02:03]} 13. Nxd7 {[%emt 0:01:54]} Qxd7 {[%emt 0:00:31]} ({But not} 13... Kxd7 $6 14. Bg5 $16) 14. Bxd6 {[%emt 0:03:43]} Qxd6 {[%emt 0:00:03]} 15. Na3 {[%emt 0:03:07]} a6 {[%emt 0:03:34]} 16. Nc2 {[%emt 0:03:39]} Rd8 {[%emt 0:01:23]} 17. a4 {[%emt 0:07:04]} b4 {[%emt 0:05:48]} 18. Bxc6+ {[%emt 0:07:02]} Qxc6 {[%emt 0:00:12]} 19. Nxb4 {[%emt 0:01:55]} Qb6 {[%emt 0:01:08]} 20. Nc2 {[%emt 0:04:23]} Qxb2 {[%emt 0:01:17]} 21. Rb1 {[%emt 0:01:42]} Qc3 {[%emt 0:00:03]} 22. Nb4 {[%emt 0:04:51]} O-O {[%emt 0:01:23]} 23. e3 {[%emt 0:12:36]} (23. Nc6 $16) 23... Ne4 {[%emt 0:00:00]} 24. Nc6 {[%emt 0:03:13]} Rd6 {[%emt 0:15:08]} 25. Rc1 {[%emt 0:01:19]} Qb3 {[%emt 0:09:59]} 26. Na5 {[%emt 0:01:57]} Qb4 {[%emt 0:02:17]} 27. Nxc4 {[%emt 0:01:42]} Rc6 {[%emt 0:02:13]} 28. Qd3 {[%emt 0:07:54]} Nf6 {[%emt 0:01:07]} 29. Ne5 {[%emt 0:01:48]} Rxc1 {[%emt 0:00:10]} 30. Rxc1 {[%emt 0:00:01]} Qxa4 {[%emt 0:00:08]} 31. Kg2 {[%emt 0:08:22]} h5 {[%emt 0:07:11]} 32. h4 {[%emt 0:00:24]} Qa5 {[%emt 0:01:24]} 33. Rc5 {[%emt 0:00:43]} Qa2 {[%emt 0:02:03]} 34. Qc2 {[%emt 0:03:20]} Qa3 {[%emt 0:04:43]} (34... Qxc2 $14 35. Rxc2 Ra8) 35. Rc8 {[%emt 0:00:42]} a5 {[%emt 0:01:00]} 36. Qc7 {[%emt 0:00:32]} Rxc8 {[%emt 0:01:05]} 37. Qxc8+ {[%emt 0:00:01]} Qf8 {[%emt 0:00:10] [#]} 38. Qa6 $1 {[%emt 0:00:13]} Qd8 {[%emt 0:05:29]} 39. Qa7 {[%emt 0:00:58]} Qe8 {[%emt 0:07:13]} 40. Qxa5 {[%emt 0:00:00]} Ng4 {[%emt 0:00:00]} 41. Nxg4 {[%emt 0:03:52]} hxg4 {[%emt 0:02:37]} 42. Qe5 {[%emt 0:11:51]} Qc6+ {[%emt 0:00:50]} 43. Kh2 {[%emt 0:00:19]} Qf3 $18 {[%emt 0:00:19]} (43... f5 $11 {and Black stays safe.}) 44. Qb8+ {[%emt 0:00:29]} Kh7 {[%emt 0:00:03]} 45. Qf4 {[%emt 0:00:28]} Qxf4 {[%emt 0:11:54]} 46. gxf4 {[%emt 0:00:19]} f5 {[%emt 0:02:36]} 47. Kg3 {[%emt 0:02:02]} g6 {[%emt 0:04:12]} 48. f3 {[%emt 0:04:27]} gxf3 {[%emt 0:00:07]} 49. Kxf3 {[%emt 0:00:18]} Kg7 {[%emt 0:00:21]} 50. Ke2 {[%emt 0:02:59]} Kf7 {[%emt 0:01:54]} 51. Kd3 {[%emt 0:00:33]} Ke7 {[%emt 0:00:04]} 52. Kc4 {[%emt 0:01:27]} Kd6 {[%emt 0:05:48]} 53. d5 {[%emt 0:00:32]} exd5+ {[%emt 0:01:55]} 54. Kd4 {[%emt 0:00:01]} 1-0